[Event "It (open)"]
[Site "Liberec (Czech Republic)"]
[Date "2005.10.27"]
[Round "7"]
[White "Horyna Josef (CZE)"]
[Black "Hollmann Zdenek (CZE)"]
[Result "1/2-1/2"]
[WhiteElo "1926"]
[BlackElo "2041"]

1.d4 Nf6 2.c4 d6 3.Nf3 Bg4 4.Nbd2 Nbd7 5.h3 Bh5 6.e3 e5 7.dxe5 dxe5 8.Be2 Bd6
9.O-O O-O 10.Re1 Qe7 11.e4 Nc5 12.b4 Ncxe4 13.Nxe4 Nxe4 14.c5 Nxc5 15.bxc5
Bxc5 16.Bg5 f6 17.Be3 Bf7 18.Bxc5 Qxc5 19.Rc1 Qe7 20.Qc2 Rac8 21.Bd3 g6 22.a4
Rfd8 {#d} 1/2-1/2

[Event "Bayern Regionalliga Southwest 2005/06"]
[Site "Bayern (Germany)"]
[Date "2006.02.19"]
[Round "7"]
[White "Schulz Juergen (GER)"]
[Black "Schweier Lorenz"]
[Result "1-0"]
[WhiteElo "2118"]
[BlackElo "2030"]

1.d4 Nf6 2.Nf3 d6 3.c4 Bg4 4.Nc3 Bxf3 5.gxf3 c6 6.e4 e5 7.d5 Nbd7 8.Be3 Be7
9.Qa4 c5 10.Bh3 O-O 11.Ne2 a6 12.O-O Qc7 13.Ng3 g6 14.f4 exf4 15.Bxf4 Rfe8
16.Qc2 Bf8 17.Bd2 b5 18.b3 bxc4 19.bxc4 Bg7 20.Bc3 Ne5 21.f4 Nxc4 22.Bxf6 Ne3
23.Qc3 Nxf1 24.Rxf1 Bxf6 25.Qxf6 c4 26.Kh1 Rab8 27.Nf5 gxf5 28.Qh6 Qa7 29.Bxf5
f6 30.Bxh7+ {#r} 1-0

[Event "Bundesliga 2005/06"]
[Site "Germany"]
[Date "2006.03.12"]
[Round "13"]
[White "Appel Ralf (GER)"]
[Black "Rahls Peter (GER)"]
[Result "1-0"]
[WhiteElo "2507"]
[BlackElo "2321"]

1.d4 Nf6 2.Nf3 d6 3.c4 Bg4 4.Nc3 Nbd7 5.e4 e5 6.Be2 Bxf3 7.Bxf3 Be7 8.O-O O-O
9.Be3 c6 10.d5 Ne8 11.Qb3 Qc7 12.g3 h6 13.h4 g5 14.hxg5 hxg5 15.Rac1 c5 16.Qd1
Ng7 17.Bg4 a6 18.a4 Rfe8 19.Kg2 Nf8 20.Rh1 Ng6 21.Rh6 Qd8 22.Qf3 {#r} 1-0

[Event "It (open)"]
[Site "Dos Hermanas (Spain)"]
[Date "2006.04.02"]
[Round "4"]
[White "Lalic Bogdan (ENG)"]
[Black "Rodriguez Aguilera Antonio (ESP)"]
[Result "1-0"]
[WhiteElo "2491"]
[BlackElo "2238"]

1.d4 Nf6 2.c4 d6 3.Nf3 Bg4 4.Nc3 Nbd7 5.d5 e5 6.dxe6 Bxe6 7.e4 Be7 8.Nd4 O-O
9.Be2 Nc5 10.f3 a5 11.O-O c6 12.Be3 Re8 13.Qd2 a4 14.Rab1 Bf8 15.Rfd1 Qc7
16.b4 axb3 17.axb3 d5 18.b4 Na4 19.Nxa4 Rxa4 20.cxd5 Bxd5 21.exd5 Nxd5 22.Bf2
Bxb4 23.Qc2 Nc3 24.Bc4 b5 25.Re1 Rea8 26.Rxb4 Rxb4 27.Bd3 Nd5 28.Nxc6 Qf4
29.Nxb4 {#r} 1-0

[Event "It (cat.1)"]
[Site "Budapest (Hungary)"]
[Date "2006.04.05"]
[Round "5"]
[White "Toth Lili (HUN)"]
[Black "Mamut Igor (ISR)"]
[Result "0-1"]
[WhiteElo "2231"]
[BlackElo "2266"]

1.d4 Nf6 2.c4 d6 3.Nf3 Bg4 4.Nc3 Bxf3 5.gxf3 g6 6.e4 Bg7 7.Bg5 O-O 8.Qd2 Nc6
9.d5 Ne5 10.Be2 c6 11.f4 Ned7 12.O-O Nc5 13.Qe3 Nfd7 14.Kh1 Re8 15.Rg1 Qb6
16.Rab1 a5 17.f5 Nf6 18.fxg6 hxg6 19.Rg3 Ncd7 20.Qf4 Nh7 21.Bh6 Be5 22.Qf3
Bxg3 23.Qxg3 Qd4 24.Rd1 Qh8 25.Rg1 Nhf6 26.Qg5 Nh7 27.Qe3 Qf6 28.f4 Qh4 29.f5
Ne5 30.Rg3 f6 31.fxg6 Ng5 32.Bxg5 fxg5 33.Rxg5 Rf8 34.Rh5 Qe1+ 35.Kg2 Nxg6
36.Rg5 Rf6 37.dxc6 bxc6 38.e5 dxe5 39.Ne4 Kf7 40.Rxg6 Rxg6+ 41.Ng3 Rd8 42.Qxe5
Rd2 43.Qf5+ Kg7 44.Qe5+ Kg8 45.Kf3 Rd3+ 46.Kg2 Qd2 47.Qe4 Rdd6 48.Kf3 Rdf6+
{#R} 0-1

[Event "Ch Russia (club)"]
[Site "Sochi (Russia)"]
[Date "2006.04.24"]
[Round "5"]
[White "Inarkiev Ernesto (RUS)"]
[Black "Novikov Stanislav (RUS)"]
[Result "1-0"]
[WhiteElo "2628"]
[BlackElo "2532"]

1.d4 Nf6 2.c4 d6 3.Nf3 Bg4 4.e3 Nbd7 5.h3 Bxf3 6.Qxf3 c6 7.Nc3 e5 8.g4 g6 { ?!
} ( 8...Be7 { !? } ) 9.h4 Qe7 10.g5 Nh5 11.d5 c5 12.Bh3 O-O-O 13.Bg4 Bg7
14.Bxh5 gxh5 15.Ne4 f6 { ?! } ( 15...Kb8 { !? } 16.Bd2 Rdf8 17.O-O-O f5 18.Ng3
Nb6 19.Qe2 e4 20.Nxh5 Na4 21.Nxg7 { } ) 16.Ng3 fxg5 17.Nf5 Qf8 18.hxg5 h6
19.g6 Qf6 20.e4 Kc7 21.Qxh5 Rb8 22.a4 b6 23.Ra3 a6 24.Rf3 Rbf8 25.Ke2 Rfg8
26.Nxh6 Bxh6 27.Rxf6 Nxf6 28.Qf5 Bg7 29.Rxh8 Rxh8 30.Qe6 Nd7 31.Qf7 Bf6 32.g7
{ } {#r} 1-0

[Event "Ch Argentina"]
[Site "San Luis (Argentina)"]
[Date "2006.04.27"]
[Round "2"]
[White "Flores Diego (ARG)"]
[Black "Campora Daniel H (ARG)"]
[Result "1/2-1/2"]
[WhiteElo "2512"]
[BlackElo "2530"]

1.Nf3 d6 2.d4 Bg4 3.c4 Nf6 4.Nc3 Bxf3 5.exf3 g6 6.Qb3 Qc8 7.Be3 Bg7 8.Be2 O-O
9.O-O Nbd7 10.f4 c6 11.h3 e6 12.d5 exd5 13.cxd5 c5 14.f5 gxf5 15.Qc2 Ne5
16.Rae1 a6 17.Bg5 Re8 18.f4 Ng6 19.Bd3 Ne7 20.Rxe7 Rxe7 21.Bxf5 Qf8 22.Qf2 Nh5
23.Bxe7 Qxe7 24.Re1 Qd8 25.Kh2 Qf6 26.g4 Qd4 27.Qxd4 cxd4 {#d} 1/2-1/2

[Event "Tournament \"]
[Site "Internet"]
[Date "2006.04.29"]
[Round "2"]
[White "Orzech Dominik (POL)"]
[Black "Yatsenko Alexey (RUS)"]
[Result "1-0"]
[WhiteElo "2338"]
[BlackElo "2360"]

1.d4 Nf6 2.Nf3 d6 3.c4 Bg4 4.Nc3 Bxf3 5.exf3 e6 6.d5 e5 7.Bd3 Nbd7 8.O-O Be7
9.Bc2 O-O 10.Rb1 a5 11.a3 Nh5 12.b4 g6 13.Bh6 Re8 14.Qd2 f5 15.Qc1 f4 16.Ne4
Ng7 17.Bxg7 Kxg7 18.Qd2 h6 19.c5 axb4 20.axb4 Nf8 21.Qd3 Qd7 22.Ra1 Reb8 23.g3
fxg3 24.fxg3 b6 25.c6 Qe8 26.Rae1 g5 27.f4 gxf4 28.gxf4 Kh8 29.Kh1 Ra2 30.f5
Bh4 31.Re3 Rba8 32.Rh3 R8a3 33.Qxa3 Rxa3 34.Rxa3 Qh5 35.Bd1 Qf7 36.Rh3 Qxd5
37.Rxh4 Kg7 38.Bf3 Qd3 39.Rg1+ Kf7 40.Rh3 Ke7 41.f6+ Kd8 42.Rg8 Qf1+ 43.Rg1
Qd3 44.Rhg3 d5 45.Nf2 Qd4 46.Rd1 Qxf2 47.Rxd5+ Kc8 48.Bg4+ Kb8 49.Rd8+ Ka7
50.Ra3# 1-0

[Event "It (open)"]
[Site "Djakovo (Croatia)"]
[Date "2006.04.30"]
[Round "1"]
[White "Cebalo Miso (CRO)"]
[Black "Mrkonjic Nenad (CRO)"]
[Result "1-0"]
[WhiteElo "2489"]
[BlackElo "2379"]

1.d4 d6 2.Nf3 Nf6 3.c4 Bg4 4.Nc3 c6 5.e4 e6 6.Be2 Be7 7.Be3 d5 8.cxd5 cxd5
9.Qa4+ Nc6 10.exd5 Nxd5 11.Ne5 Nxc3 12.bxc3 Bxe2 13.Nxc6 Qd7 14.Kxe2 bxc6
15.Rhb1 O-O 16.Rb3 Rfb8 17.Rab1 Bd6 18.c4 Rxb3 19.Rxb3 Bf8 20.Qa6 c5 21.Qb7
Qa4 22.Kf3 Qxa2 23.Rb2 Qa3 24.dxc5 Re8 25.Rd2 e5 26.g3 f5 27.Qd7 Re7 28.Qd5+
Rf7 29.Qxe5 f4 30.gxf4 Qa6 31.Qd5 Qc8 32.Kg3 g5 33.fxg5 Qc7+ 34.Kg2 a5 35.c6
{#r} 1-0

[Event "Tournament \"]
[Site "Suzhou (China)"]
[Date "2006.05.20"]
[Round "2"]
[White "Xu Jun (CHN)"]
[Black "Zhang Jilin (CHN)"]
[Result "1-0"]
[WhiteElo "2591"]
[BlackElo "2292"]

1.Nf3 d6 2.d4 Bg4 3.c4 Nf6 4.Qb3 Qc8 5.h3 Bf5 6.Nc3 Nbd7 7.Nh4 Bg6 8.Nxg6 hxg6
9.e4 e5 10.d5 Be7 11.Be2 a5 12.Be3 Nh7 13.h4 f5 14.exf5 gxf5 15.Qc2 O-O
16.O-O-O Nc5 17.g4 fxg4 18.Bxc5 dxc5 19.Bd3 Nf6 20.Bf5 Qe8 21.h5 Nd7 22.Be6+
Kh8 23.Qg6 Rd8 24.Bf5 Rxf5 25.Qxf5 Qf8 26.Qxg4 Qxf2 27.Kb1 Qf4 28.Qg6 Nf8
29.Qg2 Qf5+ 30.Ne4 Nd7 31.Rdf1 Qh7 32.Qg6 Nf8 33.Qxh7+ Nxh7 34.Rf7 Re8 35.Rg1
Nf6 36.Rgxg7 {#r} 1-0

[Event "It (open) \"]
[Site "Tromsoe (Norway)"]
[Date "2006.06.25"]
[Round "2"]
[White "Johannessen Leif Erlend (NOR)"]
[Black "Pedersen Oyvind (NOR)"]
[Result "1-0"]
[WhiteElo "2551"]
[BlackElo "2088"]

1.Nf3 d6 2.d4 Bg4 3.c4 Nf6 4.Nc3 Nbd7 5.g3 Bxf3 6.exf3 e5 7.dxe5 Nxe5 8.f4 Nc6
9.Bg2 Be7 10.O-O O-O 11.g4 Re8 12.g5 Nd7 13.h4 h6 14.Nd5 Bf8 15.b3 Ne7
16.Nxe7+ Bxe7 17.Bxb7 Rb8 18.Bc6 Rb6 19.Qf3 Rf8 20.Be3 Nc5 21.Rfe1 hxg5
22.hxg5 Nd3 23.Red1 Rxc6 24.Qxc6 Nb4 25.Qf3 f6 26.a3 Nc2 27.Qd5+ Kh8 28.Qh1+
Kg8 29.g6 {#r} 1-0

[Event "Ch Greece (team)"]
[Site "Ermioni (Greece)"]
[Date "2006.07.10"]
[Round "9"]
[White "Skembris Spyridon (GRE)"]
[Black "Kourousis Epaminondas (GRE)"]
[Result "1-0"]
[WhiteElo "2455"]
[BlackElo "2113"]

1.d4 Nf6 2.c4 d6 3.Nf3 Bg4 4.Qb3 Bxf3 5.gxf3 Qc8 6.Bh3 Nbd7 7.f4 c6 8.Nc3 Qc7
9.f5 g6 10.e4 Bg7 11.Be3 O-O-O 12.O-O-O Kb8 13.Kb1 gxf5 14.Bxf5 e6 15.Bh3 e5
16.c5 exd4 17.cxd6 Qxd6 18.Qxf7 Qf8 19.Qxf8 Rhxf8 20.Bxd4 Nb6 21.Rhg1 Bh8
22.Bc5 Rxd1+ 23.Rxd1 Re8 24.e5 Nfd5 25.Bd6+ Ka8 26.Nxd5 Nxd5 27.Bd7 Rg8 28.Be6
Rg2 29.Bxd5 cxd5 30.Rxd5 b6 31.e6 Rg1+ 32.Kc2 Re1 33.Bb4 {#r} 1-0

[Event "Tournament (juniors)"]
[Site "Lublin (Poland)"]
[Date "2006.07.13"]
[Round "8"]
[White "Wcislo Damian (POL)"]
[Black "Efinowicz Michal (POL)"]
[Result "0-1"]
[WhiteElo "1930"]
[BlackElo "2177"]

1.d4 d6 2.Nf3 Nf6 3.c4 Bg4 4.Nbd2 Nbd7 5.h3 Bxf3 6.Nxf3 g6 7.g3 Bg7 8.Bg2 c5
9.O-O O-O 10.b3 Rb8 11.Bb2 b5 12.dxc5 dxc5 13.cxb5 Rxb5 14.Qc2 Qb8 15.Rac1 Rc8
16.Nd2 Nb6 17.e4 Bh6 18.f4 Nh5 19.Be5 Qa8 20.Kh2 Bg7 21.Bxg7 Nxg7 22.f5 Qb8
23.Rf3 Nd7 24.Nc4 Rb4 25.Rd3 Nf6 26.e5 Nfh5 27.Qd2 gxf5 28.Rd1 Ne6 29.Qh6 Nhg7
30.g4 Nd4 31.Rg3 Rxc4 32.bxc4 Qxe5 33.Qe3 Nf3+ 34.Qxf3 f4 35.Qb7 fxg3+ 36.Kh1
Rb8 37.Qxa7 Ne6 38.Qxe7 Rb2 39.Rf1 Rf2 40.Rg1 Rxg2 41.Rxg2 Qe1+ 42.Rg1 Qf2
43.Rg2 Qf1+ {#R} 0-1

[Event "It (open) (team)"]
[Site "Pardubice (Czech Republic)"]
[Date "2006.07.13"]
[Round "3"]
[White "Potapov Alexander (RUS)"]
[Black "Sergeev Vladimir (UKR)"]
[Result "1-0"]
[WhiteElo "2234"]
[BlackElo "2488"]

1.d4 Nf6 2.c4 d6 3.Nf3 Bg4 4.Qb3 Qc8 5.g3 c6 6.Bg2 e6 7.Nc3 Be7 8.h3 Bxf3
9.Bxf3 d5 10.O-O O-O 11.g4 Rd8 12.Bf4 dxc4 13.Qxc4 Nd5 14.Nxd5 exd5 15.Qc2 Na6
16.Rad1 Bd6 17.Bc1 Re8 18.Kg2 Nc7 19.g5 Qd7 20.h4 Re7 21.Rh1 Ne6 22.Bg4 Rf8
23.Qf5 Qc7 24.h5 g6 25.Qf6 Ng7 26.Rh4 Ne8 27.Qf3 Re4 28.Qh3 Re7 29.Rh1 Kh8
30.Qd3 Rg8 31.e3 Rg7 32.b3 a6 33.Bb2 Qd8 34.f4 f5 35.Bh3 Kg8 36.hxg6 hxg6
37.Bxf5 Qa5 38.Rh8+ Kf7 39.Bxg6+ Rxg6 40.Qf5+ {#r} 1-0

[Event "It (open)"]
[Site "Avoine (France)"]
[Date "2006.07.23"]
[Round "2"]
[White "Lemoine Thomas (FRA)"]
[Black "Pastorelli Loic (FRA)"]
[Result "1/2-1/2"]
[WhiteElo "2003"]
[BlackElo "1808"]

1.d4 Nf6 2.c4 d6 3.Nf3 Bg4 4.Qb3 Qc8 5.g3 Nc6 6.d5 Bxf3 7.Qxf3 Nd4 8.Qc3 e5
9.dxe6 Nxe6 10.Bg2 Be7 11.O-O O-O 12.h3 Re8 13.Be3 Bf8 14.Qb3 c6 15.Nc3 Nc5
16.Qc2 Qe6 17.Bxc5 dxc5 18.b3 Rad8 19.e3 Rd6 20.Rad1 Red8 21.Rxd6 Rxd6 22.Kh2
g6 23.Rd1 Bg7 24.Na4 Nd7 25.Bf3 {#d} 1/2-1/2

[Event "Cup Russia (open)"]
[Site "Cheliabinsk (Russia)"]
[Date "2006.09.08"]
[Round "7"]
[White "Mokin Nikolai (RUS)"]
[Black "Yatsenko Alexey (RUS)"]
[Result "0-1"]
[WhiteElo "2305"]
[BlackElo "2360"]

1.d4 d6 2.c4 Nf6 3.Nf3 Bg4 4.e3 Bxf3 5.Qxf3 c6 6.d5 Nbd7 7.Nc3 g6 8.dxc6 Ne5
9.Qd1 Nxc6 10.b3 Bg7 11.Bb2 Ne4 12.Qc2 Nxc3 13.Bxc3 Bxc3+ 14.Qxc3 O-O 15.Be2
Rc8 16.O-O a6 17.Qb2 Qb6 18.Rfd1 Ne5 19.Qd4 Qc7 20.h3 Rb8 21.Rac1 Rfc8 22.Bg4
Rd8 23.f4 Nc6 24.Qc3 a5 25.Rd2 Nb4 26.h4 Qc5 27.a3 Nc6 28.a4 e6 29.Bf3 h5
30.Kh2 Kf8 31.Qf6 Qxe3 32.Rcd1 Ne7 33.Re2 Qc5 34.Rxe6 Ng8 35.Qh8 fxe6 36.Rd5
Qc7 {#R} 0-1

[Event "Tournament (open)"]
[Site "Can Tho (Vietnam)"]
[Date "2006.09.22"]
[Round "10"]
[White "Duong The Anh (VIE)"]
[Black "Bao Quang (VIE)"]
[Result "1/2-1/2"]
[WhiteElo "2393"]
[BlackElo "2333"]

1.d4 Nf6 2.Nf3 d6 3.c4 Bg4 4.Nc3 Nbd7 5.g3 c6 6.Bg2 e5 7.h3 Bxf3 8.Bxf3 Be7
9.O-O O-O 10.b3 Re8 11.Bg2 Qc7 12.d5 Bf8 13.e4 a6 14.Be3 g6 15.Rc1 c5 16.Bf3
Reb8 17.a4 Bg7 18.Qd2 Qd8 19.Be2 Qf8 20.Kg2 Kh8 21.Rce1 Re8 22.Bd3 Ng8 23.Rb1
Bh6 24.g4 Bxe3 25.fxe3 Qe7 26.Qf2 Rf8 27.Qg3 f6 28.Rf2 Rf7 29.Rbf1 Raf8 30.Kh2
Kg7 31.Rg2 Kh8 32.Qe1 Qd8 33.Ne2 {#d} 1/2-1/2

[Event "Tournament \"]
[Site "Berlin (Germany)"]
[Date "2006.10.16"]
[Round "2"]
[White "Kievelitz Bernd (GER)"]
[Black "Fuchs Joerg (GER)"]
[Result "1-0"]
[WhiteElo "2119"]
[BlackElo "1934"]

1.Nf3 d6 2.d4 Bg4 3.c4 Nf6 4.Nc3 Nbd7 5.e4 e5 6.Be3 Be7 7.Be2 O-O 8.O-O Kh8
9.Nd2 Bxe2 10.Qxe2 c5 11.d5 Rg8 12.f4 Nf8 13.fxe5 dxe5 14.Nf3 Ng6 15.Ng5 Rf8
16.Rf3 h6 17.Rh3 Kg8 18.Nf3 a5 19.Nd2 Ra6 20.Rf1 Nh7 21.Nb5 Qd7 22.Rhf3 Qg4
23.R3f2 Qh4 24.Rf5 Rf6 25.Rh5 Rxf1+ 26.Kxf1 Nf4 27.Rxh4 Nxe2 28.Rh5 Nd4
29.Rxe5 Nxb5 30.Rxe7 Nd4 31.Bxd4 cxd4 32.Rxb7 Re8 33.d6 Nf6 34.c5 {#r} 1-0

[Event "Ch Slovakia (team) 2006/07 (1 liga) East"]
[Site "Slovakia"]
[Date "2006.11.04"]
[Round "3"]
[White "Banas Kamil (SVK)"]
[Black "Krajnak Martin (SVK)"]
[Result "1/2-1/2"]
[WhiteElo "2203"]
[BlackElo "2290"]

1.d4 Nf6 2.c4 d6 3.Nf3 Bg4 4.Qb3 Qc8 5.h3 Bxf3 6.Qxf3 Nc6 7.d5 Ne5 8.Qb3 g6
9.Nc3 Bg7 10.e4 O-O 11.Be2 e6 12.O-O Ned7 13.Be3 Re8 14.Qc2 c6 15.Rac1 Nb6
16.Qb3 exd5 17.exd5 c5 18.Rfe1 Qd7 {#d} 1/2-1/2

[Event "It (open) \"]
[Site "St. Petersburg (Russia)"]
[Date "2006.11.07"]
[Round "8"]
[White "Vunder Andrey (RUS)"]
[Black "Kruglov Vladimir (RUS)"]
[Result "1-0"]
[WhiteElo "2284"]
[BlackElo "1968"]

1.d4 Nf6 2.Nf3 d6 3.c4 Bg4 4.Nc3 Nbd7 5.e4 e5 6.Be2 Bxf3 7.Bxf3 exd4 8.Qxd4 g6
9.Bg5 Bg7 10.O-O h6 11.Be3 O-O 12.Qd2 Kh7 13.Be2 Re8 14.f3 Ne5 15.Rad1 Qe7
16.Rfe1 a6 17.Bf1 Rac8 18.Kh1 g5 19.Qc2 Ng6 20.Ne2 Nh5 21.Nd4 Bxd4 22.Bxd4 c5
23.Bc3 Ne5 24.Qf2 Qe6 25.b3 Rb8 26.g3 Ng6 27.Qd2 Ne5 28.Qe2 Nf6 29.Bg2 b5
30.cxb5 axb5 31.f4 gxf4 32.gxf4 Ned7 33.Qf3 b4 34.Bh3 Qe7 35.Bf5+ Kh8 36.Qh3
{#r} 1-0

[Event "Czech League 2006/07 (1st) West"]
[Site "Czech Republic"]
[Date "2006.11.12"]
[Round "2"]
[White "Skliba Martin (CZE)"]
[Black "Podbrdsky Pavel (CZE)"]
[Result "1-0"]
[WhiteElo "2212"]
[BlackElo "2121"]

1.d4 Nf6 2.Nf3 d6 3.c4 Bg4 4.Nc3 e6 5.e4 Be7 6.Be2 O-O 7.O-O Nbd7 8.Be3 c5
9.d5 e5 10.Ne1 Bxe2 11.Qxe2 Ne8 12.Nd3 Bg5 13.g3 Bxe3 14.Qxe3 f5 15.f4 fxe4
16.Nxe4 Qe7 17.fxe5 Rxf1+ 18.Rxf1 Nxe5 19.Nexc5 dxc5 20.Qxe5 Qxe5 21.Nxe5 Nd6
22.b3 b5 23.cxb5 Nxb5 24.Rc1 Re8 25.Rxc5 a6 26.Nf3 Re3 27.Ng5 Rc3 28.b4 h6
29.Ne4 Rd3 30.a4 Nd4 31.Kf2 Rf3+ 32.Kg2 Re3 33.Nc3 Rd3 34.Kf2 Kf7 35.d6 Ke6
36.Rd5 Rxc3 37.Rxd4 Kd7 38.h4 Ra3 39.a5 Rb3 40.h5 Rb2+ 41.Kf3 Rh2 42.Rg4 Rxh5
43.Rxg7+ Kc6 44.d7 Rd5 45.Rg6+ Kb5 46.Rb6+ Ka4 47.Rxa6 Kxb4 48.Rxh6 Kxa5
49.Rh5 {#r} 1-0

[Event "It (open)"]
[Site "Liberec (Czech Republic)"]
[Date "2006.11.15"]
[Round "6"]
[White "Horyna Josef (CZE)"]
[Black "Hollmann Zdenek (CZE)"]
[Result "1/2-1/2"]
[WhiteElo "1921"]
[BlackElo "2046"]

1.d4 Nf6 2.Nf3 d6 3.c4 Bg4 4.Qb3 Qc8 5.h3 Bh5 6.e4 Bxf3 7.Qxf3 Nbd7 8.Bd3 g6
9.Nc3 Bg7 10.O-O e5 11.d5 O-O 12.Be3 Nc5 13.Bc2 a5 14.Rfd1 Ne8 15.Na4 Nxa4
16.Bxa4 f5 17.g4 f4 18.Bd2 Qd8 19.Bxe8 Rxe8 20.b4 axb4 21.Bxb4 Ra4 22.a3 b6
23.Rac1 Qh4 24.Kg2 Qe7 25.Rh1 Bf6 26.Qb3 Rea8 27.f3 Qd7 28.Qc2 R4a7 29.Qf2 g5
30.Rc2 Bd8 {#d} 1/2-1/2

[Event "Ch Marshall Chess Club"]
[Site "New York (USA)"]
[Date "2006.12.09"]
[Round "6"]
[White "Sarkar Justin (USA)"]
[Black "Ivanov Alexander (USA)"]
[Result "0-1"]
[WhiteElo "2380"]
[BlackElo "2587"]

1.d4 Nf6 2.c4 d6 3.Nf3 Bg4 4.Nc3 c6 5.g3 Bxf3 6.exf3 d5 7.Qb3 Qd7 8.c5 e6
9.Be3 Be7 10.f4 Qc7 11.Rc1 b6 12.Na4 O-O 13.Bd3 Nbd7 14.Qc2 bxc5 15.Nxc5 Nxc5
16.dxc5 Qa5+ 17.Ke2 Rab8 18.a3 h6 19.Rhe1 Ng4 20.Bd2 Qc7 21.f3 Nf6 22.Kf2 Nd7
23.b4 a5 24.Kg2 axb4 25.axb4 Bf6 26.Rb1 Ra8 27.f5 e5 28.b5 cxb5 29.c6 Nb6
30.Bxb5 Ra7 31.Be3 Rfa8 32.Qc5 d4 33.Bd2 Ra2 34.Re2 Be7 35.Qc1 Ba3 36.Qd1 Bc5
37.Be1 Nd5 38.Rxa2 Rxa2+ 39.Kh1 Ne3 40.Qd3 Bd6 41.Qe4 Qa7 42.Bd3 Rxh2+ 43.Kxh2
Qa2+ 44.Bc2 Nxc2 45.c7 Ne3+ 46.Kh3 Qg2+ {#R} 0-1

[Event "Czech League 2006/07 (1st) West"]
[Site "Czech Republic"]
[Date "2006.12.10"]
[Round "4"]
[White "Pribyl Martin (CZE)"]
[Black "Hlavsa Petr (CZE)"]
[Result "1-0"]
[WhiteElo "2296"]
[BlackElo "2121"]

1.Nf3 Nf6 2.c4 d6 3.d4 Bg4 4.Nc3 Nbd7 5.e4 c5 6.d5 g6 7.h3 Bxf3 8.Qxf3 Bg7
9.Bg5 Qa5 10.O-O-O a6 11.Qe3 h6 12.Bh4 Rb8 13.a4 Qb4 14.Bg3 O-O 15.f4 Nxe4
16.Qxe4 Bxc3 17.Qc2 Bf6 18.Be1 Qb6 19.Bd3 Rfe8 20.g4 Qc7 21.h4 b5 22.cxb5 c4
23.Bxg6 fxg6 24.Qxg6+ Bg7 25.Bc3 e5 26.dxe6 Nf8 27.Qxg7+ Qxg7 28.Bxg7 Kxg7
29.f5 axb5 30.Rxd6 Rb7 31.axb5 Rxb5 32.e7 Nh7 33.Rg6+ Kh8 34.f6 Nxf6 35.Rxf6
Kg7 36.Re6 Rc5 37.Kc2 h5 38.g5 Rf5 39.Rd1 Rf4 40.Rd8 Kf7 41.Rf6+ {#r} 1-0

[Event "It (open) \"]
[Site "Krakow (Poland)"]
[Date "2006.12.27"]
[Round "1"]
[White "Moranda Wojciech (POL)"]
[Black "Efinowicz Michal (POL)"]
[Result "1-0"]
[WhiteElo "2462"]
[BlackElo "2177"]

1.d4 d6 2.Nf3 Nf6 3.c4 Bg4 4.Nc3 Bxf3 5.exf3 Nbd7 6.f4 g6 7.g3 Bg7 8.d5 O-O
9.Bg2 Nb6 10.Qe2 Re8 11.O-O e6 12.dxe6 Rxe6 13.Qd3 Nfd7 14.b3 Nc5 15.Qc2 a5
16.Bb2 a4 17.Rad1 a3 18.Ba1 c6 19.f5 Re8 20.b4 Na6 21.fxg6 hxg6 22.b5 Nb4
23.Qb3 c5 24.Bxb7 Ra7 25.Bg2 Rae7 26.Bc6 Nxc6 27.bxc6 {#r} 1-0

[Event "Memorial P.Keres (b)"]
[Site "Tallinn (Estonia)"]
[Date "2007.01.07"]
[Round "3"]
[White "Balashov Yuri S (RUS)"]
[Black "Lauk Ular (EST)"]
[Result "1/2-1/2"]
[WhiteElo "2440"]
[BlackElo "2424"]

1.d4 Nf6 2.Nf3 d6 3.c4 Bg4 4.Nc3 Nbd7 5.e4 e5 6.Be2 c6 7.O-O Be7 8.Be3 O-O
9.d5 cxd5 10.cxd5 a6 11.Nd2 Bxe2 12.Qxe2 Ne8 13.g3 Rc8 14.a4 g6 15.a5 Bg5
16.Nc4 {#d} 1/2-1/2

[Event "It (open)"]
[Site "Sevilla (Spain)"]
[Date "2007.01.13"]
[Round "7"]
[White "Pogorelov Ruslan (UKR)"]
[Black "Paunovic Dragan (SRB)"]
[Result "1/2-1/2"]
[WhiteElo "2411"]
[BlackElo "2535"]

1.Nf3 d6 2.d4 Nf6 3.c4 Bg4 4.Nc3 Nbd7 5.e4 e5 6.Be2 Be7 7.O-O O-O 8.Be3 c6
9.d5 a5 10.Nd2 Bxe2 11.Qxe2 Qb8 12.Rab1 Rc8 13.Rfc1 Bd8 14.b3 Bb6 15.Bxb6 Nxb6
16.a3 h6 17.b4 axb4 18.axb4 Na4 19.Nd1 Qa7 20.dxc6 bxc6 21.Ne3 g6 22.c5 dxc5
23.bxc5 Nxc5 24.Nec4 Rab8 25.Rxb8 Rxb8 26.Nxe5 Re8 27.Nxc6 Qa3 28.Rb1 Ncxe4
29.Nxe4 Rxe4 30.Qc2 Qd6 31.h3 Qe6 32.Na7 Kg7 33.Qc3 Rc4 34.Qb2 Qe4 35.Rc1
Rxc1+ 36.Qxc1 Nd5 37.Nb5 Nf4 38.Qf1 Ne2+ 39.Kh1 Qd3 40.Qa1+ Kh7 41.Nc7 Qd7
42.Qe1 Qe7 43.Qd2 Qe5 44.Qa2 Qxc7 45.Qxe2 {#d} 1/2-1/2

[Event "Ch France (team) (nat.2) 2006/07"]
[Site "France"]
[Date "2007.01.21"]
[Round "6"]
[White "Mancini Mario (FRA)"]
[Black "Haik Aldo (FRA)"]
[Result "0-1"]
[WhiteElo "2221"]
[BlackElo "2381"]

1.d4 Nf6 2.c4 d6 3.Nf3 Bg4 4.Nc3 Bxf3 5.exf3 e6 6.Be3 Nbd7 7.f4 c6 8.Be2 d5
9.c5 g6 10.O-O Bg7 11.b4 Ng8 12.Qd2 Ne7 13.Rfd1 Nf5 14.Rab1 Qf6 15.Rb3 h6
16.b5 g5 17.fxg5 hxg5 18.bxc6 bxc6 19.Bg4 Nxe3 20.fxe3 Qh6 21.h3 f5 22.Be2 g4
23.Bf1 gxh3 24.gxh3 Bf6 25.Ne2 Ke7 26.Nf4 Bg5 27.Kh1 Rag8 28.Rb7 Bxf4 29.exf4
Rg4 30.Rdb1 Rxf4 31.Qh2 e5 32.dxe5 Ke6 33.Rc7 Rxf1+ 34.Rxf1 Qe3 35.Rxc6+ Ke7
36.Qf4 Qxh3+ 37.Kg1 Rg8+ 38.Kf2 Rg2+ 39.Ke1 Qc3+ 40.Kd1 Qc2+ {#R} 0-1

[Event "NRW Klasse 2 2006/07"]
[Site "Germany"]
[Date "2007.01.28"]
[Round "5"]
[White "Scholz Christian (GER)"]
[Black "Osthoff Peter (GER)"]
[Result "1-0"]
[WhiteElo "2371"]
[BlackElo "2022"]

1.d4 d6 2.Nf3 Nf6 3.c4 Bg4 4.Qb3 Qc8 5.h3 Bh5 6.g4 Bg6 7.Bg2 c6 8.Nc3 Nbd7
9.Nh4 e5 10.Nxg6 hxg6 11.d5 c5 12.Bd2 Be7 13.a4 a5 14.O-O-O b6 15.Nb5 Qb7
16.Qg3 O-O-O 17.f4 Rdf8 18.e3 Ne8 19.Bc3 exf4 20.exf4 Bh4 21.Qe3 Qb8 22.g5 Kb7
23.Qe7 Kc8 24.Be1 f6 25.Bxh4 Rxh4 26.Rhe1 Rxf4 27.Qxe8+ Rxe8 28.Rxe8+ Kb7
29.Rxb8+ Kxb8 30.Nxd6 Ne5 31.gxf6 gxf6 32.Rf1 Rxf1+ 33.Bxf1 Kc7 34.Ne8+ {#r}
1-0

[Event "Bundesliga 2006/07"]
[Site "Germany"]
[Date "2007.02.04"]
[Round "9"]
[White "Doettling Fabian (GER)"]
[Black "Vogt Lothar (GER)"]
[Result "1/2-1/2"]
[WhiteElo "2541"]
[BlackElo "2473"]

1.d4 d6 2.Nf3 Bg4 3.c4 Nf6 4.Nc3 Nbd7 5.e4 e5 6.Be2 exd4 7.Nxd4 Bxe2 8.Qxe2 g6
9.O-O Bg7 10.Be3 O-O 11.Rad1 Re8 12.f3 c6 13.Nc2 Qc7 14.Qd2 Nb6 15.b3 Rad8
16.Bd4 a6 17.Kh1 Nc8 18.Ne3 Qe7 19.Ne2 Nh5 20.Bxg7 Nxg7 21.Nc3 f5 {#d} 1/2-1/2

[Event "Ch Region"]
[Site "Lublin (Poland)"]
[Date "2007.03.04"]
[Round "8"]
[White "Vasilieva Maria (MDA)"]
[Black "Bien Janusz (POL)"]
[Result "1-0"]
[WhiteElo "1987"]
[BlackElo "1999"]

1.d4 d6 2.Nf3 Nf6 3.c4 Bg4 4.Nc3 Nbd7 5.e4 e5 6.Be3 exd4 7.Bxd4 Be7 8.Be2 O-O
9.Nd2 Bxe2 10.Qxe2 c6 11.O-O Ne8 12.Nf3 Bf6 13.Rad1 Qc7 14.Rd2 Ne5 15.Rfd1 Qe7
16.Be3 b6 17.Nd4 Qc7 18.Nf5 Rd8 19.f4 Ng6 20.e5 dxe5 21.Rxd8 Bxd8 22.fxe5 Nxe5
23.Bf4 f6 24.Ne4 Qc8 25.Neg3 Kh8 26.Bxe5 fxe5 27.Qxe5 Bc7 28.Qe7 Rg8 29.Rd7
Bxg3 30.hxg3 Nf6 31.Nh6 Qf8 32.Nf7+ {#r} 1-0

[Event "Ch Russia (1/2 final)"]
[Site "Nizhnij Tagil (Russia)"]
[Date "2007.03.17"]
[Round "4"]
[White "Figura Ludmila (RUS)"]
[Black "Sorokin Maxim (RUS)"]
[Result "1-0"]
[WhiteElo "2172"]
[BlackElo "2490"]

1.d4 Nf6 2.Nf3 d6 3.c4 Bg4 4.Qb3 Qc8 5.Nc3 g6 6.e4 Bg7 7.Be3 O-O 8.Be2 e5 9.d5
Nh5 10.c5 Nf4 11.Bf1 Bxf3 12.gxf3 Nd7 13.cxd6 cxd6 14.Nb5 a6 15.Nxd6 Qc7
16.Qa3 Rfb8 17.Rc1 Qd8 18.Nc4 Rc8 19.b4 Rc7 20.Kd2 Rac8 21.Bd3 Qf6 22.Na5 Bf8
23.Nxb7 Rxc1 24.Rxc1 Bxb4+ 25.Qxb4 Rxc1 26.Bc2 Rh1 27.Ba4 Qg5 28.Bxd7 Qg1
29.Kc3 Qa1+ 30.Kc4 Rb1 31.Qc3 Qxa2+ 32.Kc5 Rxb7 33.Kd6 Qb1 34.Ke7 Qb5 35.Qc8+
{#r} 1-0